Le sanctuaire Thrace (Запис номер 344844)
[ съкратено ]
| 000 -Лидер | |
|---|---|
| Контролно поле с фиксирана дължина | 01212nam a2200313 c 4500 |
| 003 - Код на организацията, давaща контролен номер | |
| Контролно поле | BLK |
| 005 - Дата и час на последна редакция | |
| Контролно поле | 20210923110510.0 |
| 008 - Елементи от данни с фиксирана дължина | |
| fixed length control field | 180911b bul|||||r ||||||| ||bul|| |
| 010 ## - Наследен системен номер | |
| LC control number | 004510 |
| 040 ## - Източник на каталожния запис | |
| Идентификатор на билиотеката - собственик на записа | BLK |
| 041 ## - Код за език | |
| Код за езика на текст/звукозапис или на отделно заглавие | Френски |
| Код за езика КДБФ | Български |
| 080 ## - УДК | |
| УДК - код + определител | 292904(497.234) |
| 100 1# - Редна дума - Автор | |
| Автор | Tsontchev, Dimitre |
| R(LIN) | 399406 |
| 245 00 - Сведения за заглавието | |
| Заглавие | Le sanctuaire Thrace |
| 246 ## - Различни форми на заглавието | |
| Паралелно заглавие | Pres du village de Batkoun |
| 260 ## - Област на издателските данни | |
| Място на издаване, разпространение и проч. | Sofia |
| Година на издаване | 1941 |
| Печатница | Impr. de L`Etat |
| 300 ## - Физическа характеристика | |
| Страници | 78 с., LXVII л |
| Илюстрации и др. | ил. |
| Размери/Мащаб | 29 см |
| 380 ## - Жанр | |
| Жанр | Религия. Теология |
| 490 ## - СЕРИИ (Колекции) | |
| Име на серия | Fonds du Departement de Plovdiv |
| 490 ## - СЕРИИ (Колекции) | |
| Име на серия | Частна колекция - Академик Михаил Арнаудов |
| Бележки за серията | Дарение - Основен фонд |
| 500 ## - Общи забележки | |
| Забележка | Автограф с текст: На проф. М. Арнаудов - един от създателите на днешната ни висша наука, в знак на почит 25. 12. 42 Д. Цончев ;Подчертавания в текста : с. 77 (инв.№ 591937); |
| 520 ## - Забележка за наличие на резюме, анотация и т.н | |
| Анотация, рецензия, сканиран текст | Михаил Арнаудов: негови-книга |
| 655 ## - Ключова дума – жанр/разновидност | |
| Данни за жанр/разновидност или ключова дума за фокус | Религии |
| 700 1# - Други автори (авторска отговорност) | |
| Лично име | Dimitre Tsontchev |
| 9 (RLIN) | 399407 |
| 700 1# - Други автори (авторска отговорност) | |
| Лично име | Inst. archeol. Bulgare |
| 9 (RLIN) | 399408 |
| 852 ## - Местоположение | |
| Форматна сигнатура | МА 2976 |
| Фондова буква | Фонд "Михаил Арнаудов" |
| 999 ## - СИСТЕМНИ КОНТРОЛНИ НОМЕРА | |
| Koha biblionumber | 344844 |
| Koha biblioitemnumber | 344844 |
| 942 ## - АРТИКУЛИ | |
| Вид на библиотечния материал | Книги |
| Скрит в OPAC | Не |
| Периодичен библиозапис | Да |
| 944 ## - СЪЗДАВАНЕ И РЕДАКЦИЯ на ЗАПИСА | |
| Създаване/Редакция | Създаване |
| Дата на регистрацията/редакция | 1994 |
| 999 ## - СИСТЕМНИ КОНТРОЛНИ НОМЕРА | |
| Koha biblioitemnumber | 344844 |
| 999 ## - СИСТЕМНИ КОНТРОЛНИ НОМЕРА | |
| Koha biblioitemnumber | 344844 |
| 999 ## - СИСТЕМНИ КОНТРОЛНИ НОМЕРА | |
| Koha biblioitemnumber | 344844 |
| Код за отписване | Код за изгубен артикул | Източник на класификационната схема | Код за повреда | Коз за рестрикции | Код за отдаване | Артикулен № | Име на библиотеката - собственик | Име на библиотеката, в която се намира в момента | Статус (Текущо местоположение) | Местоположение - отдел | Цена в лева | Номерация (Хронология) | Инвентарен номер | Систематично азбучна сигнатура | Баркод | Номер на екземпляра | Цена в евро | Служебен тип на артикула | Дата на вписване в системата |
|---|---|---|---|---|---|---|---|---|---|---|---|---|---|---|---|---|---|---|---|
| Не е изгубен | Universal Decimal Classification | Не е повреден | без рестрикции | Специални фондове ( старопечатни, редки и ценни, фонд М. Арнаудов) | 745320 | Регионална библиотека "Любен Каравелов" Русе | Регионална библиотека "Любен Каравелов" Русе | Фонд "Михаил Арнаудов" | Фонд "Михаил Арнаудов" | 150.00 | 591937 | МА 2976 | 120000591937 | 1 | 76.69 | Книги | |||
| Не е изгубен | Universal Decimal Classification | Не е повреден | само за читалня | Специални фондове ( старопечатни, редки и ценни, фонд М. Арнаудов) | 747108 | Регионална библиотека "Любен Каравелов" Русе | Регионална библиотека "Любен Каравелов" Русе | Фонд "Михаил Арнаудов" | Фонд "Михаил Арнаудов" | 150.00 | Автограф: Димитър Цончев | 591938 | МА 2976 | 120000591938 | 76.69 | Книги | 2019-10-08 |